Land Treatment of Waste Water (Record no. 24)

MARC details
000 -LEADER
Fixed length control field 00437nam a2200181 4500
003 - CONTROL NUMBER IDENTIFIER
Control field SEACOMMC
005 - DATE AND TIME OF LATEST TRANSACTION
Control field 20231009073619.0
008 - FIXED-LENGTH DATA ELEMENTS--GENERAL INFORMATION
Fixed length control field 231009b |||||||| |||| 00| 0 eng d
022 ## - INTERNATIONAL STANDARD SERIAL NUMBER / ISSN
Price 275.00
040 ## - CATALOGING SOURCE
Original cataloging agency SEACOMMC
082 ## - DEWEY DECIMAL CLASSIFICATION NUMBER
Classification number 333.73157
Book Number LAN
100 ## - MAIN ENTRY--PERSONAL NAME
Personal name Gohil,M.B
245 ## - TITLE STATEMENT
Title Land Treatment of Waste Water
260 ## - IMPRINT
Place of publication New Delhi
Name of publisher New Age
Date of publication 2005
600 ## - SUBJECT ADDED ENTRY--PERSONAL NAME
Personal name Environment Science
650 ## - SUBJECT ADDED ENTRY--TOPICAL TERM
Topical term Environment Science
942 ## - ADDED ENTRY ELEMENTS (KOHA)
Koha item type Books
Holdings
Withdrawn status Lost status Source of classification Damaged status Not for loan Home library Current library Date acquired Price Total Checkouts Call number Accession number Date last seen Price effective from Koha item type Copy number
    Dewey Decimal Classification     SEACOM MANAGEMENT COLLEGE SEACOM MANAGEMENT COLLEGE 09/10/2023 275.00   333.73157 LAN 56 09/10/2023 09/10/2023 Reference Books  
    Dewey Decimal Classification     SEACOM MANAGEMENT COLLEGE SEACOM MANAGEMENT COLLEGE 09/10/2023 275.00   333.73157 LAN 57 09/10/2023 09/10/2023 Books 1
    Dewey Decimal Classification     SEACOM MANAGEMENT COLLEGE SEACOM MANAGEMENT COLLEGE 09/10/2023 275.00   333.73157 LAN 58 09/10/2023 09/10/2023 Books 2
© Seacom Engineering College, All rights reserved.    Powered by Koha